000 00886nam a2200229Ii 4500
003 JO-AjNU
008 230605s9999||||xx |||||||||||||| ||und||
017 _a2020/3800
020 _a978-9923-28-077-5
040 _aJO-AjNU
_bara
_erda
_cJO-AjNU
041 _aara
050 1 4 _aHJ9741.A25.2022
100 3 _aالحساني، وعد هادي عبد وآخرون,
_eauthor
_961490
245 0 0 _aاساسيات المحاسبة الحكومية: اسس نظرية وتطبيقات عملية
250 _aط1
264 3 1 _aعمان: دار صفاء للنشر والتوزيع، 2022
300 _a551ص
336 _atext
_btxt
_2rdacontent
337 _aunmediated
_bn
_2rdamedia
338 _avolume
_bnc
_2rdacarrier
650 4 _aالمحاسبة الحكومية-الرقابة المالية-الموازنة العامة-النظام المحاسبي الحكومي
_961491
999 _aA27797
_c31365
_d31365